| 000 | 00454 a2200157 4500 | ||
|---|---|---|---|
| 005 | 20250620083858.0 | ||
| 020 | _a978-0-273-78707-5 | ||
| 082 | _a658.5 HEI | ||
| 100 | _aHEIZER, J | ||
| 245 | _aOperation Management : Sustainability and Supply Chain Management | ||
| 250 | _a11th Ed. | ||
| 260 |
_aEngland _bPEARSON _c2014. |
||
| 300 |
_a832P.: ill.; figures, pictures _bAppendix, Bibliography, Index _c27cm |
||
| 700 | _aBarry Render | ||
| 942 |
_2ddc _cBKS |
||
| 999 |
_c4479 _d4479 |
||